The Paul “Bear” Bryant Coach of the Year Award - Statistics

General Stats
  • This quiz has been taken 5 times
  • The average score is 6 of 39
Answer Stats
YEAR COACH % Correct
2020 Nick Saban
100%
2003 Nick Saban
100%
2018 Dabo Swinney
75%
2016 Dabo Swinney
75%
2015 Dabo Swinney
75%
1988 Lou Holtz
50%
1987 Dick MacPherson
25%
2002 Jim Tressel
25%
2024 Marcus Freeman
25%
2022 Sonny Dykes
25%
1993 Terry Bowden
25%
1989 Bill McCartney
0%
2012 Bill O'Brien
0%
1998 Bill Snyder
0%
1990 Bobby Ross
0%
2000 Bob Stoops
0%
1996 Bruce Snyder
0%
2009 Chris Peterson
0%
2006 Chris Peterson
0%
1991 Don James
0%
2019 Ed Orgeron
0%
1999 Frank Beamer
0%
1995 Gary Barnett
0%
2010 Gene Chizik
0%
1992 Gene Stallings
0%
2014 Gray Patterson
0%
2013 Gus Malzahn
0%
1986 Joe Paterno
0%
2008 Kyle Whittingham
0%
2001 Larry Coker
0%
1997 Lloyd Carr
0%
2021 Luke Fickell
0%
2005 Mack Brown
0%
2007 Mark Mangino
0%
2011 Mike Gundy
0%
2023 Mike Norvell
0%
1994 Rich Brooks
0%
2017 Scott Frost
0%
2004 Tommy Tuberville
0%
No matching quizzes found
Score Distribution
Percent of People with Each Score
Percentile by Number Answered
Your Score History
You have not taken this quiz